000 00303nam a22001337a 4500
008 180813b xxu||||| |||| 00| 0 eng d
020 _a9781582550114
041 _aeng
080 _a616.12
100 _a7
101 _aKAR
245 _aHeart Failure an Incredibly Easy!
_cCahill.M
942 _2udc
_cBK
999 _c47028
_d47028